| 000 | 00678nam0a22002291 4500 | ||
|---|---|---|---|
| 001 | rc\35442 | ||
| 005 | 20250620154044.0 | ||
| 035 | _a(NLR Aleph) 005319231 | ||
| 090 |
_a6470049 _c6470049 |
||
| 100 | _a20021216d1993 |||y0rusy50 ca | ||
| 101 | 0 | _arus | |
| 102 | _aRU | ||
| 105 | _aa ||||||||| | ||
| 200 | 1 |
_aСанкт-Петербург - "столица" Америки _eРусские в Америке |
|
| 210 |
_aСПб. _cВитязь _d1993 |
||
| 215 |
_a172 с. _cил. _d18 |
||
| 700 | 1 |
_aБогачек _bИ.А. _gИгорь Александрович |
|
| 801 | 0 |
_aRU _bNLR _gpsbo |
|
| 801 | 1 |
_aRU _bELAR _2rusmarc |
|
| 852 |
_aNLR _j93-3/1133 |
||
| 942 | _cBOOK | ||
| 980 | _aNB | ||